| 000 | 00892nam a22002897a 4500 | ||
|---|---|---|---|
| 001 | BR6800175 | ||
| 003 | BR-BrBNA | ||
| 005 | 20230928083510.0 | ||
| 007 | ta | ||
| 008 | 230509b bl.||||| |||| 00| 0 por d | ||
| 040 |
_aBR-BrBNA _bpor _cBiblioteca Nacional de Agricultura |
||
| 041 | _a(Por) | ||
| 072 |
_aE15 _b/G514 |
||
| 090 | _ E15 BR6800175 | ||
| 110 | 1 |
_aMinisterio da Agricultura, Brasilia, DF (Brasil). Escritorio Central de Planejamento e Controle _96800 |
|
| 245 | 1 | _aZoneamento atual da agropecuaria. Caderno 6: Fatores mais prejudiciais a agropecuaria dos municipios [Brasil] | |
| 260 | 3 |
_aBrasilia, DF (Brasil): _c1968. |
|
| 300 | _a191 p. | ||
| 650 | _aCREDITO RURAL | ||
| 650 | _aMAO-DE-OBRA | ||
| 650 | _aPRODUTIVIDADE | ||
| 650 | _aFINANCIAMENTO | ||
| 650 | _aASSISTENCIA TECNICA | ||
| 650 | _aINSUMO | ||
| 909 |
_a202309 _bLucia _c55 _dLucia Elande |
||
| 942 | _cBK | ||
| 999 |
_c13815 _d13815 |
||